| 000 | 00889nam a22002777a 4500 | ||
|---|---|---|---|
| 003 | DO-SdBPM | ||
| 005 | 20260312102745.0 | ||
| 007 | ta | ||
| 008 | 171116b2001 sp || |||| 00| 0 spa d | ||
| 020 | _a9788420525556 | ||
| 040 |
_a DO-SdBPM _bspa _cBPMSU _erda |
||
| 082 | 0 | 4 |
_a863.08 _b A634c 2001 _222 |
| 245 |
_aAntología del cuento literario / _cselección yedición Miguel Díez Rodríguez |
||
| 260 | _c | ||
| 264 |
_aMadrid : _bAlhambra Longman, _c2001 |
||
| 300 |
_a196 páginas : _bilustraciones, _c19 cm. |
||
| 336 |
_atexto _btxt _2rdacontent |
||
| 337 |
_asin mediación _bn _2rdamedia |
||
| 338 |
_avolumen _bnc _2rdacarrier |
||
| 590 | _aInventariado, 2026/VM | ||
| 650 | 7 |
_aCuentos españoles _vColecciones |
|
| 650 | 7 | _aLiterarura españpola | |
| 700 | 1 |
_aDíez Rodríguez, Miguel, _eeditor |
|
| 910 | _aVMateo V. Control de calidad. BPMSU | ||
| 942 |
_2ddc _cBK |
||
| 999 |
_c12919 _d12919 |
||